Normal view
MARC view
Entry Topical Term
001 - CONTROL NUMBER
- control field: 17704
003 - CONTROL NUMBER IDENTIFIER
- control field: OSt
005 - DATE AND TIME OF LATEST TRANSACTION
- control field: 20200915155447.0
008 - FIXED-LENGTH DATA ELEMENTS
- fixed length control field: 200915|| aca||aabn | a|a d
040 ## - CATALOGING SOURCE
- Original cataloging agency: OSt
- Transcribing agency: OSt
150 ## - HEADING--TOPICAL TERM
- Topical term or geographic name entry element: Food Bank - United Kingdom, Food Bank - Great Britain
670 ## - SOURCE DATA FOUND
- Source citation: Work cat.: (OSt): Clair, A., Fledderjohann, J., Lalor, D., and Loopstra, R. 17703, The housing situations of food bank users in Great Britain
